000
00260nam a22001217a 4500
008
180104b xxu||||| |||| 00| 0 eng d
041
_a
eng
080
_a
82
100
_a
21
101
_a
GJU
245
_a
HUGO VON HOFMANS THAL
_c
WER.G
942
_2
udc
_c
BK
999
_c
39737
_d
39737